| 000 | 01174nam a22002537a 4500 | ||
|---|---|---|---|
| 005 | 20090803132920.0 | ||
| 008 | 090803t xxu||||| |||| 00| p hin d | ||
| 010 | _aHIN-87610 | ||
| 020 |
_a9788188286584 _c200.00 |
||
| 035 | _aHN-59956 | ||
| 037 | _bDBAD / PUB | ||
| 040 |
_adpl _bhn |
||
| 082 | _a821 | ||
| 100 |
_aप्रसाद, जयशंकर _922421 |
||
| 245 |
_aकामायनी / _cजयशंकर प्रसाद |
||
| 246 |
_aKamaayanii _bby Jaishankar Prasad |
||
| 260 |
_aदिल्ली _bनार्थ इण्डिया पब्लिशर्स एण्ड डिस्ट्रीब्यूटर्स _c2009 |
||
| 270 |
_aफेस ई 1/265, गली नं.-17, सोनिया विहार, _bदिल्ली _e110094 |
||
| 300 |
_a136पृ. _c22सेमी (सजिल्द) |
||
| 650 |
_aहिन्दी कविता _9697 |
||
| 650 |
_aHindi poetry _9698 |
||
| 942 |
_2ddc _cHN _mप्रसाद _h821 |
||
| 999 |
_c28865 _d28865 |
||